• 首页
  • 本馆介绍
  • 公告通知
  • 最新文献
  • 馆藏检索
  • 电子资源
  • 读者导购
  • 参考咨询
  • 我的图书馆
  • 登录
  • 详细信息显示
  • 放入我的书架
  • 预约/预借图书
  • 作者相关作品
  • 分类相关作品
  • 丛书相关作品
  • 出版社相关作品

书目信息

  • 表格格式
  • 工作单格式
  • 卡片格式
题名:
河北省学生体质健康调研成果
    
 
作者: ;河北省教育委员会 编
分册:  
出版信息: 石家庄   河北教育出版社  1989.8
页数: 1084页
开本: 26厘米
丛书名:
单 册:
中图分类: G812.722
科图分类:
主题词: 学生-体质--统计调查--河北--1984-1986年 , 体质-学生--统计调查--河北--1984-1986年 , 学生-健康统计调查--河北--1984-1986年 , 健康-学生--统计调查--河北--1984-1986年 , 体育事业--世界
电子资源:
ISBN: 7-5434-0282-3
000 01143nam0 2200301 45
001 0189024113
005 20040508083537.5
010    @a7-5434-0282-3@dCNY19.20
020    @aCN@b89024113
100    @a19910905d1989 m y0chiy0120 ea
101 0  @achi
102    @aCN@b130000
105    @ay z 000yy
106    @ar
200 10 @a河北省学生体质健康调研成果@Ahe bei sheng xue sheng ti zhi jian kang diao yan cheng guo@f河北省教育委员会等编@Fhe bei sheng jiao yu wei yuan hui deng bian
210    @a石家庄@c河北教育出版社@d1989.8
215    @a1084页@d26厘米
330    @a本书包括6个部分:形态、机能、素质、健康状况、营养评价与体质综合评价和附表。
540 1  @a河北省 学生 体质 健康@Ahe bei sheng xue sheng ti zhi jian kang
606    @a学生-体质@x统计调查@y河北@z1984-1986年
606    @a体质-学生@x统计调查@y河北@z1984-1986年
606    @a学生-健康统计调查@y河北@z1984-1986年
606    @a健康-学生@x统计调查@y河北@z1984-1986年
606 0  @a体育事业@x世界
690    @aG812.722
711 02 @a河北省教育委员会@Ahe bei sheng jiao yu wei yuan hui@4编
801  0 @aCN@bNLC@c19910905
905    @f2@b232024-025@dG812.722@e28
    
    河北省学生体质健康调研成果/河北省教育委员会等编.-石家庄:河北教育出版社,1989.8
    1084页;26厘米
    
    
    ISBN 7-5434-0282-3:CNY19.20
    本书包括6个部分:形态、机能、素质、健康状况、营养评价与体质综合评价和附表。
●
相关链接 在E读中查询图书 在五车中查询图书 在当当中查询图书 在豆瓣中查询图书


正题名:河北省学生体质健康调研成果     索取号:G812.722/28         预约/预借

序号 登录号 条形码 馆藏地/架位号 状态 备注
1 0232024   000996989   密集书库/ [索取号:G812.722/28] 在馆    
2 0232025   000996998   密集书库/ [索取号:G812.722/28] 在馆    
3 0232026   000997005   第一样本阅览室/ [索取号:G812.722/28] 在馆    
唐山师范学院图书馆 欢迎您!
大连网信软件有限公司© 版权所有